000 00967nam a22003137a 4500
001 000398
003 DO-SdBPM
005 20250617135314.0
007 ta
008 160718b2009 sp a ||||| |||| 00| 0 spa d
020 _a9788466206433
040 _aDO-SdBPM
_bspa
_cBPMSU
_erda
082 4 _a794.1
_bR666l 2009
_222
100 1 _aRobles, Mauricio.
_eautor
245 1 3 _aEl libro del ajedrez /
_cMauricio Robles.
_b
246 1 4 _aEl libro del ajedrez :
_btícnicas de aprendizaje
260 _a
_c
264 _aBarcelona :
_b Editorial Librisa,
_c2009
300 _a159 páginas :
_bilustración ;
_c24 cm.
336 _atexto
_btxt
_2rdacontent
337 _asin mediación
_bn
_2rdamedia
338 _avolumen
_bnc
_2rdacarrier
590 _aInventariado, 2025/VM
650 7 _aAjedrez
_xTécnicas.
650 7 _aAjedrez
_xJugadas
650 7 _aTécnicas de aprendizaje
910 _aVMateo V. Control de calidad. BPMSU
942 _2ddc
_cBK
999 _c15182
_d15182